Οδηγός για το σύγχρονο κορίτσι

Αποθηκεύτηκε σε:
Λεπτομέρειες βιβλιογραφικής εγγραφής
Κύριος συγγραφέας: Prevot, Floriane
Μορφή: Βιβλίο
Γλώσσα:Greek
French
Δημοσίευση: Αθήνα : Δίπτυχο, 1968.
Θέματα:
Ετικέτες: Προσθήκη ετικέτας
Δεν υπάρχουν, Καταχωρήστε ετικέτα πρώτοι!

MARC

LEADER 00000cam a2200000 i 4500
001 1/11605
008 000913s1968 gr | ||| |||| ||gre||
035 |l 10063894 
040 |a GR-MyUA  |b gre  |e AACR2 
041 1 |a gre  |h fre 
082 0 |a 155.433 
100 1 |a Prevot, Floriane. 
245 1 0 |a Οδηγός για το σύγχρονο κορίτσι /   |c Floriane Prevot.  
260 |a Αθήνα :   |b Δίπτυχο,   |c 1968.  
500 |a Τίτλος πρωτοτύπου: Le guide marabout de la jeune fille d' aujourd' hui.  
650 0 0 |a Sex role in children. 
650 0 0 |a Girls. 
852 |a INST  |b RHODES  |e 20000913  |h 155.433 PRE  |p 005400009023  |q 005400009023  |t BK  |y 0 
901 |a BIBL4-2000-3 
909 |a Ρ  |b 006222 
922 |a 4ΔΩΡ  |b 198704 
970 |z 2000/09/ΣΟΦΙΑ